Statistics for The Office: Name Click Quiz

Click here to take the quiz!

General Stats

  • This quiz has been taken 185 times
  • The average score is 20 of 24

Answer Stats

HintAnswer% Correct
HalpertJim
94%
SchruteDwight
93%
ScottMichael
93%
BeeslyPam
93%
BernardAndy
91%
KapoorKelly
91%
MartinezOscar
91%
Lapin-VancePhyllis
87%
FilippelliKaren
84%
CaliforniaRobert
84%
WallaceDavid
83%
BrattonCreed
82%
MaloneKevin
82%
FlendersonToby
82%
PackerTodd
82%
LevinsonJan
80%
MartinAngela
79%
HudsonStanley
79%
FlaxHolly
78%
PalmerMeredith
75%
HannonErin
71%
HowardRyan
70%
LewisGabe
69%
PhilbinDarryl
68%

Score Distribution

Percentile by Number Answered

Percent of People with Each Score

Your Score History

You have not taken this quiz